| 000 | 01348nam a22002177a 4500 | ||
|---|---|---|---|
| 999 |
_c63764 _d63764 |
||
| 003 | Ge_BSU | ||
| 005 | 20260109192907.0 | ||
| 008 | 260109s1987 ge ||||| |||| 00| 0 geo d | ||
| 041 | _ageo | ||
| 080 | _a911.3:33(100)(075.3) ს-17 | ||
| 245 |
_aსაზღვარგარეთის ქვეყნების ეკონომიკური გეოგრაფია : _bსაშ. სკოლის მე-9 კლასის სახელმძღვ. / _c[ა.გ. არტემიევა, ვ.პ. მაქსაკოვსკი, ს.ნ. რაკოვსკი და სხვ.] ; ვ.პ. მაქსაკოვსკის რედ. |
||
| 264 |
_aთბ. : _bგანათლება, _c1987. |
||
| 300 |
_a396 გვ. ; _b21 სმ. |
||
| 653 | _aსაზღვარგარეთის ქვეყნების ეკონომიკური გეოგრაფია | ||
| 700 |
_aარტემიევა, ა.გ. _eავტორი _926639 |
||
| 700 |
_aმაქსაკოვსკი, ვ.პ. _eავტორი _926640 |
||
| 700 |
_aრაკოვსკი, ს.ნ. _eავტორი _926641 |
||
| 700 |
_aსმიდოვიჩი, ი. ნ. _eავტორი _926642 |
||
| 700 |
_aსოლოვიოვა, მ.ბ. _eავტორი _926643 |
||
| 942 |
_2udc _cBK |
||